Quattro Spagnoli in Venezia (Record no. 72563)

MARC details
000 -LEADER
campo de control de longitud fija 01238nam a2200277 i 4500
001 - NÚMERO DE CONTROL
campo de control 72563
003 - IDENTIFICADOR DE NÚMERO DE CONTROL
campo de control ES-MaACL
005 - FECHA Y HORA DE LA ÚLTIMA TRANSACCIÓN
campo de control 20250821095125.0
007 - CAMPO FIJO DE DESCRIPCIÓN FÍSICA--INFORMACIÓN GENERAL
campo de control de longitud fija t|
008 - DATOS DE LONGITUD FIJA--INFORMACIÓN GENERAL
campo de control de longitud fija 170322s1957 it a |||| |dita d
080 ## - NÚMERO DE LA CLASIFICACIÓN DECIMAL UNIVERSAL
Número de la Clasificación Decimal Universal 913(450.341 V.)
245 00 - MENCIÓN DEL TÍTULO
Título Quattro Spagnoli in Venezia
Resto del título : Leandro Fernández de Moratín, Antonio Pedro de Alarcón, Ángel Sánchez Rivero, Mariano Fortuny y Madrazo /
Mención de responsabilidad, etc. a cura di Angela Mariutti de Sánchez Rivero ; presentazione di Emilio Garrigues.
260 ## - PUBLICACIÓN, DISTRIBUCIÓN, ETC.
Lugar de publicación, distribución, etc. Venezia :
Nombre del editor, distribuidor, etc. Ferdinando Ongania,
Fecha de publicación, distribución, etc. [1957]
300 ## - DESCRIPCIÓN FÍSICA
Extensión 318 p. :
Otras características físicas il. ;
Dimensiones 22 cm.
599 ## - NOTA A LAS ILUSTRACIONES
NOTA A LAS ILUSTRACIONES Con lám. adheridas.
600 14 - PUNTO DE ACCESO ADICIONAL DE MATERIA--NOMBRE DE PERSONA
Nombre de persona Fernández de Moratín, Leandro,
Fechas asociadas al nombre 1760-1828
9 (RLIN) 49695
600 14 - PUNTO DE ACCESO ADICIONAL DE MATERIA--NOMBRE DE PERSONA
Nombre de persona Alarcón, Pedro Antonio de,
Fechas asociadas al nombre 1833-1891
9 (RLIN) 19134
600 14 - PUNTO DE ACCESO ADICIONAL DE MATERIA--NOMBRE DE PERSONA
Nombre de persona Sánchez Rivero, Ángel,
Fechas asociadas al nombre 1888-1930
9 (RLIN) 155101
600 14 - PUNTO DE ACCESO ADICIONAL DE MATERIA--NOMBRE DE PERSONA
Nombre de persona Fortuny y Madrazo, Mariano,
Fechas asociadas al nombre 1871-1949
9 (RLIN) 162139
651 #4 - PUNTO DE ACCESO ADICIONAL DE MATERIA--NOMBRE GEOGRÁFICO
Nombre geográfico Venecia-
Subdivisión general Descripción.
9 (RLIN) 159952
651 #4 - PUNTO DE ACCESO ADICIONAL DE MATERIA--NOMBRE GEOGRÁFICO
Nombre geográfico Venecia-
Subdivisión general Vida intelectual.
9 (RLIN) 157959
700 1# - ENTRADA AGREGADA--NOMBRE PERSONAL
Nombre de persona Mariutti, Ángela,
Fechas asociadas al nombre 1900-1981
9 (RLIN) 162140
700 1# - ENTRADA AGREGADA--NOMBRE PERSONAL
Nombre de persona Garrigues, Emilio.
9 (RLIN) 55766
852 ## - LOCALIZACIÓN
Ubicación ES-MaACL
Número de control de estantería L-183
Nota libre . - Donat. Casa de Velázquez
-- . - Ded. autógr. de Angela Mariutti y Henriette Fortuny a Melchor Fdez. Almagro
Holdings
Estatus retirado Estado de pérdida Estado de daño No para préstamo Biblioteca de origen Biblioteca actual Ubicación en estantería Fecha de adquisición Fuente de adquisición Total de préstamos Signatura topográfica completa Código de barras Visto por última vez Precio de reemplazo Tipo de ítem Koha
        Biblioteca del Ateneo de Madrid Biblioteca del Ateneo de Madrid Depósito 2 22/03/2017     L-183 1197260 23/02/2023 23/02/2023 Libro impreso